000 00359nam a22001457a 4500
999 _c197515
_d197515
008 230824b ||||| |||| 00| 0 eng d
082 _a921-SIN
100 _aSingh, Karan
245 _aKaran Singh
_hEnglish
260 _aDelhi
_bA.I.C.B.
_cRohini
270 _aA.I.C.B. Rohini, Delhi
300 _a12x13
490 _v1-6
942 _2ddc
_cBRLEN
_k921
_mSIN